| 000 | 00707nam a22002057a 4500 | ||
|---|---|---|---|
| 999 |
_c58741 _d58741 |
||
| 005 | 20220712153023.0 | ||
| 008 | 220712s2019en xxu||||| |||| 00| 0 eng d | ||
| 020 | _a9781506360348 | ||
| 041 | _aeng | ||
| 080 | _a005.95/96 L-96 | ||
| 100 |
_a Lussier, Robert N _914374 |
||
| 245 |
_aHuman Resource Management: _b Functions, Applications, and Skill Development / _c Robert N. Lussier, John R Hendon. |
||
| 250 | _a 3rd Edition | ||
| 264 |
_aLos Angeles: _bSAGE, _c2019. |
||
| 300 |
_a668 p.: _b26 cm. |
||
| 653 | _aHuman Resource Management | ||
| 653 | _aადამიანური რესურსების მენეჯმენტი | ||
| 700 |
_aHendon, John R _914375 |
||
| 942 |
_2udc _cBK |
||